000 00282nam a2200109Ia 4500
008 240731s9999 xx 000 0 und d
245 0 _aBritish Journal of Audiology
260 _bTaylor & Francis
856 _uhttps://www.tandfonline.com/loi/ijap20
942 _2ddc
942 _cTFEJ
999 _c75673
_d75673
945 _a1
_bMadushi Gamage
_c1
_dMadushi Gamage